Asia annual, 2011 : (Record no. 92594)

MARC details
000 -LEADER
fixed length control field 00606nam a22001817a 4500
005 - DATE AND TIME OF LATEST TRANSACTION
control field 20150417112129.0
010 ## - LCCN (DPL NO)
LC control number ENG-112533
020 ## - INTERNATIONAL STANDARD BOOK NUMBER
International Standard Book Number 9789381904305
Terms of availability 1225.00
035 ## - SYSTEM CONTROL NUMBER
System control number EN-96065
037 ## - SOURCE OF ACQUISITION
Source of stock number/acquisition DBAD/PUB
082 ## - DEWEY DECIMAL CLASSIFICATION NUMBER
Classification number 321.8095
245 00 - TITLE STATEMENT
Title Asia annual, 2011 :
Statement of responsibility, etc edited by Priya Singh...[et al]
Remainder of title democracy in Asia : discourses and counter-discourses /
260 ## - PUBLICATION, DISTRIBUTION, ETC. (IMPRINT)
Place of publication, distribution, etc New Delhi
Name of publisher, distributor, etc KW Publishers
Date of publication, distribution, etc 2013
270 ## - ADDRESS
Address 4676/21, First Floor, Ansari Road, Daryaganj,
City New Delhi
Postal code 110002
300 ## - PHYSICAL DESCRIPTION
Extent vi,315p.
Dimensions 24cm(Hb)
700 ## - ADDED ENTRY--PERSONAL NAME
Personal name Singh, Priya
942 ## - ADDED ENTRY ELEMENTS (KOHA)
Source of classification or shelving scheme Dewey Decimal Classification
Item type English Books
Call number suffix ASI
Classification part 321.8095
Holdings
Withdrawn status Lost status Not for loan Collection code Home library Current library Date acquired Source of acquisition Cost, normal purchase price Full call number Barcode Copy number Cost, replacement price Koha item type
    Not For Loan Non-fiction D.B.Act.Division D.B.Act.Division 30/03/2015 DBAD/PUB 1225.00 321.8095 ASI EN-96065 1 1225.00 English Books

© Delhi Public Library
Hit Counter
free hit counter